CASE OF ANTIBIOTIC-STAPHYLOCOCCUS SPP.RESISTANCE AT CHROUK MEAS FARM TEUK PHOS DISTRICT,KAMPONG CHHNANG PROVINCE,ករណី STAPHYLOCOCCUS SPP.ស៊ាំនឹងថ្នាំអង់ទីប្យូទិចនៅកសិដ្ឋានជ្រូកមាស ស្រុកទឹកផុស ខេត្តកំពង់ឆ្នាំង (Record no. 20411)

000 -LEADER
fixed length control field 00703nam a22001217a 4500
040 ## - CATALOGING SOURCE
Transcribing agency RUA
100 ## - MAIN ENTRY--AUTHOR NAME
Personal name ITH SOKNAT ,អ៊ិត សុកណាត
245 ## - TITLE STATEMENT
Title CASE OF ANTIBIOTIC-STAPHYLOCOCCUS SPP.RESISTANCE AT CHROUK MEAS FARM TEUK PHOS DISTRICT,KAMPONG CHHNANG PROVINCE,ករណី STAPHYLOCOCCUS SPP.ស៊ាំនឹងថ្នាំអង់ទីប្យូទិចនៅកសិដ្ឋានជ្រូកមាស ស្រុកទឹកផុស ខេត្តកំពង់ឆ្នាំង
260 ## - PUBLICATION, DISTRIBUTION, ETC. (IMPRINT)
Place of publication phnom penh
Name of publisher rua
Year of publication 2019
300 ## - PHYSICAL DESCRIPTION
Number of Pages ix.35p.
Other physical details ill.
Dimensions 29cm.
856 ## - ELECTRONIC LOCATION AND ACCESS
Uniform Resource Identifier https://drive.google.com/file/d/1M6GYEfiAL1d9j5YLBRXQFepmN6Re7v82/view?usp=share_link
942 ## - ADDED ENTRY ELEMENTS (KOHA)
Koha item type VEM
952 ## - LOCATION AND ITEM INFORMATION (KOHA)
Withdrawn status [LOCAL, KOHA] 0
952 ## - LOCATION AND ITEM INFORMATION (KOHA)
Withdrawn status [LOCAL, KOHA] 0
952 ## - LOCATION AND ITEM INFORMATION (KOHA)
Withdrawn status [LOCAL, KOHA] 0
952 ## - LOCATION AND ITEM INFORMATION (KOHA)
Withdrawn status [LOCAL, KOHA] 0
952 ## - LOCATION AND ITEM INFORMATION (KOHA)
Withdrawn status [LOCAL, KOHA] 0
952 ## - LOCATION AND ITEM INFORMATION (KOHA)
Withdrawn status [LOCAL, KOHA] 0
Holdings
Permanent Location Date acquired Koha item type Lost status Shelving location Barcode Current Location Full call number
Library Block B2022-09-02VEM B1.558A070530Library Block BVEM ITH 2019 B1-558 Or.
Library Block B2022-09-02VEM B1.558A070378Library Block BVEM ITH 2019 B1-558 Or.
Library Block B2022-09-02VEM B1.558A070454Library Block BVEM ITH 2019 B1-558 Or.
Library Block B2022-09-02VEM B1.558A070442Library Block BVEM ITH 2019 B1-558 Or.
Library Block B2022-09-02VEM B1.558A070382Library Block BVEM ITH 2019 B1-558 Or.
Library Block B2022-09-02VEM B1.558A070322Library Block BVEM ITH 2019 B1-558 Or.
មជ្ឈមណ្ឌលឯការនៃសាកលវិទ្យាល័យភូមិន្ទកសិកម្មចំការដូង

Powered by Koha